Élimination par catégorie - 100 meilleurs livres - Statistiques

Statistiques générales
  • Ce quiz a été pris 960 fois
  • Le résultat moyen est 7 sur 19
Statistiques - réponses
Groupe # Catégorie % Correct
Vert 11 Livre écrit par un auteur français
92%
Vert 4 ... au XIXe siècle
80%
Vert 1 ... et dont le titre contient une couleur Le Rouge et le Noir
80%
Vert 2 ... dont l'auteur n'est pas Flaubert
77%
Bleu 15 Livre dont l'auteur est russe ou américain
56%
Violet 15 Livre écrit par un auteur anglais
47%
Violet 10 ... qui n'est pas une femme
39%
Orange 22 Poésie ou théâtre
34%
Orange 15 ... écrit en Europe
33%
Orange 10 ... mais pas en langue romane
32%
Bleu 5 ... paru au XXe siècle
26%
Bleu 3 ... qui figure parmi les "Cent meilleurs romans de langue anglaise"
19%
Violet 6 ... de genre romanesque
19%
Bleu 2 ... dont l'auteur n'as pas reçu le prix Nobel de littérature
18%
Violet 4 ... écrit au XXe siècle
18%
Bleu 1 ... lumière de ma vie, feu de mes reins Lolita
18%
Orange 4 ... écrit avant notre ère
17%
Violet 1 ... et qui est une dystopie 1984
17%
Orange 1 ... par Sophocle Oedipe Roi
9%
Aucun quiz correspondant
Distribution des résultats
% des personnes avec chaque résultat
Percentile par nombre de réponses
Votre historique - résultats
Vous n’avez pas pris ce quiz